Characteristics of the chemical composition bog waters (The right bank of the river Tom); Химия и химическая технология в XXI веке; Т. 2

Bibliographische Detailangaben
Parent link:Химия и химическая технология в XXI веке: материалы XV Международной научно-практической конференции студентов и молодых ученых имени профессора Л.П. Кулёва, Томск, 26-29 мая 2014 г.— , 2014
Т. 2.— 2014.— [С. 241-243]
1. Verfasser: Ses K. V.
Körperschaft: Национальный исследовательский Томский политехнический университет (ТПУ) Институт природных ресурсов (ИПР) Кафедра гидрогеологии, инженерной геологии и гидрогеоэкологии (ГИГЭ)
Weitere Verfasser: Shvartsev S. L. Stepan Lvovich (научный консультант), Matveenko I. A. Irina Alekseevna (прочие)
Zusammenfassung:Заглавие с титульного экрана
Sprache:Englisch
Veröffentlicht: 2014
Schriftenreihe:Химия и химическая технология (на иностранном языке)
Schlagworte:
Online-Zugang:http://www.lib.tpu.ru/fulltext/c/2014/C27/V2/114.pdf
Format: MixedMaterials Elektronisch Buchkapitel
KOHA link:https://koha.lib.tpu.ru/cgi-bin/koha/opac-detail.pl?biblionumber=607659

MARC

LEADER 00000naa2a2200000 4500
001 607659
005 20260312090216.0
035 |a (RuTPU)RU\TPU\conf\5065 
035 |a RU\TPU\conf\5058 
090 |a 607659 
100 |a 20140826d2014 k y0rusy50 ba 
101 0 |a eng 
102 |a RU 
135 |a drnn ---uucaa 
181 0 |a i  
182 0 |a b 
200 1 |a Characteristics of the chemical composition bog waters (The right bank of the river Tom)  |f K. V. Ses  |g sci. adv. S. L. Shvartsev ; lang. adv. I. A. Matveenko 
203 |a Текст  |c электронный 
225 1 |a Химия и химическая технология (на иностранном языке) 
300 |a Заглавие с титульного экрана 
320 |a [Библиогр.: с. 243 (2 назв.)] 
337 |a Adobe Reader 
461 1 |0 (RuTPU)RU\TPU\conf\4064  |t Химия и химическая технология в XXI веке  |o материалы XV Международной научно-практической конференции студентов и молодых ученых имени профессора Л.П. Кулёва, Томск, 26-29 мая 2014 г  |o в 2 т.  |d 2014 
463 1 |0 (RuTPU)RU\TPU\conf\4139  |t Т. 2  |v [С. 241-243]  |d 2014 
610 1 |a труды учёных ТПУ 
610 1 |a электронный ресурс 
700 1 |a Ses  |b K. V. 
702 1 |a Shvartsev  |b S. L.  |c Russian hydrogeologist, Doctor of Geological and Mineralogical sciences  |c Professor of the TPU, Member of the Academy of Natural sciences  |f 1936-  |g Stepan Lvovich  |4 695 
702 1 |a Matveenko  |b I. A.  |c linguist  |c Associate Professor of Tomsk Polytechnic University, Candidate of philological science  |f 1967-  |g Irina Alekseevna  |4 570 
712 0 2 |a Национальный исследовательский Томский политехнический университет (ТПУ)  |b Институт природных ресурсов (ИПР)  |b Кафедра гидрогеологии, инженерной геологии и гидрогеоэкологии (ГИГЭ)  |3 (RuTPU)RU\TPU\col\18664 
801 2 |a RU  |b 63413507  |c 20141113  |g RCR 
856 4 |u http://www.lib.tpu.ru/fulltext/c/2014/C27/V2/114.pdf 
942 |c BK